| 000 | 003790000a22001570004500 | ||
|---|---|---|---|
| 001 | 002166 | ||
| 003 | MACL | ||
| 040 | _aMACL | ||
| 090 |
_c14159 _d14158 |
||
| 100 | _aHarding, Elizabeth U | ||
| 245 |
_aKali _bThe Black Goddess of Dakshineswar _cElizabeth U Harding |
||
| 260 |
_aMotilal Banarsidass Publisher, _c2004 |
||
| 350 | _a225 | ||
| 650 | _aReligion | ||
| 942 |
_k295 _cBook |
||
| 999 |
_c14081 _d14081 |
||